Viṣṇucittavijayam. (Record no. 89603)
[ view plain ]
| 000 -LEADER | |
|---|---|
| fixed length control field | 01205nam a22002891 4500 |
| 001 - CONTROL NUMBER | |
| control field | sa 68020837 |
| 003 - CONTROL NUMBER IDENTIFIER | |
| control field | DLC |
| 005 - DATE AND TIME OF LATEST TRANSACTION | |
| control field | 20260227112727.0 |
| 008 - FIXED-LENGTH DATA ELEMENTS--GENERAL INFORMATION | |
| fixed length control field | 910123m19539999ii 00010 sano |
| 010 ## - LIBRARY OF CONGRESS CONTROL NUMBER | |
| LC control number | sa 68020837 //r91 |
| 025 ## - OVERSEAS ACQUISITION NUMBER | |
| Overseas acquisition number | I-T-1937 |
| 040 ## - CATALOGING SOURCE | |
| Original cataloging agency | DLC |
| Transcribing agency | DLC |
| 041 0# - LANGUAGE CODE | |
| Language code of text/sound track or separate title | santam |
| 050 00 - LIBRARY OF CONGRESS CALL NUMBER | |
| Classification number | BL1219 |
| Item number | .S67 1953 |
| 100 10 - MAIN ENTRY--PERSONAL NAME | |
| Personal name | Śrīnivāsayyaṅkār, Ki., |
| Dates associated with a name | 1897-1953. |
| 245 10 - TITLE STATEMENT | |
| Title | Viṣṇucittavijayam. |
| Statement of responsibility, etc. | Iyar̲r̲iyavarkaḷ Ki. Śrīnivāsayyaṅkār Svāmi [mar̲r̲um] Śrī Kiruṣṇasvāmi Ayyaṅkār. |
| 260 0# - PUBLICATION, DISTRIBUTION, ETC. | |
| Place of publication, distribution, etc. | Tirucci, |
| Name of publisher, distributor, etc. | Kiṭaikkumiṭam S. Kiruṣṇasvāmi Ayyaṅkār, |
| Date of publication, distribution, etc. | [1953-<1980 >] |
| 300 ## - PHYSICAL DESCRIPTION | |
| Extent | <v. 1, pts. 1-2; v. 2, pt. 1; in 3 > ; |
| Dimensions | 23 cm. |
| 500 ## - GENERAL NOTE | |
| General note | Sanskrit and Tamil; quotations in Sanskrit. |
| 500 ## - GENERAL NOTE | |
| General note | Vols. 1, pt. 2-<v. 2, pt. 1 > prepared by S. Kiruṣṇasvāmi Ayyaṅkār. |
| 500 ## - GENERAL NOTE | |
| General note | Vols. 1, pt. 2-<v. 2, pt. 1 > have title: Śrī Viṣṇucitta vijayam. |
| 500 ## - GENERAL NOTE | |
| General note | Vol. 1, pt. 2-<v. 2, pt. 1 >: 2. patippu. |
| 500 ## - GENERAL NOTE | |
| General note | Vol. 2, pt. 2: "Śrī Vaiṣṇava sutarcan̲am veḷiyīṭu." |
| 650 #0 - SUBJECT ADDED ENTRY--TOPICAL TERM | |
| Topical term or geographic name entry element | Vishnu (Hindu deity) |
| 700 20 - ADDED ENTRY--PERSONAL NAME | |
| Personal name | Krishnaswami Iyengar, Srinivasa, |
| Dates associated with a name | 1924- |
| 740 01 - ADDED ENTRY--UNCONTROLLED RELATED/ANALYTICAL TITLE | |
| Uncontrolled related/analytical title | Śrī Viṣṇucitta vijayam. |
No items available.